[Event "Doeberl Cup 58th"]
[Site "Canberra"]
[Date "2021.04.01"]
[Round "1"]
[White "Broekhuijse, Paul"]
[Black "Fernandez, Daniel Howard"]
[Result "0-1"]
[WhiteElo "2025"]
[BlackElo "2472"]
[PlyCount "50"]
[EventDate "2021.04.01"]
[EventType "swiss"]
[EventRounds "9"]
[EventCountry "AUS"]
[SourceTitle "EXT 2023"]
[Source "ChessBase"]
[SourceDate "2022.10.05"]
[SourceVersion "1"]
[SourceVersionDate "2022.10.05"]
[SourceQuality "1"]

1. e4 c5 2. Nc3 a6 3. a4 e6 4. Nge2 Nc6 5. g3 h5 6. h3 g6 7. d4 cxd4 8. Nxd4 Bg7 9. Be3 d5 10. exd5 exd5 11. Bg2 Nge7 12. 0-0 0-0 13. Qd2 Be6 14. Rfe1 Re8 15. Rad1 Ne5 16. b3 Rc8 17. Nce2 N7c6 18. Kh2 Qa5 19. f4 Qxd2 20. Rxd2 Nd7 21. Bf2 Nf6 22. Nxe6 Rxe6 23. Bxd5 Nxd5 24. Rxd5 Nb4 25. Rd2 Rxc2 0-1

[Event "Doeberl Cup 54th"]
[Site "Canberra"]
[Date "2016.03.27"]
[Round "7"]
[White "Dale, Ari"]
[Black "Broekhuijse, Paul"]
[Result "1-0"]
[WhiteElo "2345"]
[BlackElo "2023"]
[PlyCount "77"]
[EventDate "2016.03.24"]
[EventType "swiss"]
[EventRounds "9"]
[EventCountry "AUS"]
[SourceTitle "EXT 2018"]
[Source "ChessBase"]
[SourceDate "2017.10.13"]
[SourceVersion "1"]
[SourceVersionDate "2017.10.13"]
[SourceQuality "1"]

1. d4 f5 2. g3 Nf6 3. Bg2 g6 4. Nf3 Bg7 5. 0-0 0-0 6. c4 d6 7. Nc3 c6 8. d5 e5 9. dxe6 Bxe6 10. b3 Ne4 11. Nxe4 Bxa1 12. Qxd6 Qxd6 13. Nxd6 b6 14. Bh6 Bg7 15. Bxg7 Kxg7 16. Ne5 Kf6 17. f4 Rd8 18. Rd1 Bd7 19. Nb7 Re8 20. Nxd7+ Nxd7 21. Rxd7 Rxe2 22. Nd8 g5 23. Bf3 Rxa2 24. Bh5 Ra1+ 25. Kf2 Ra2+ 26. Ke3 gxf4+ 27. gxf4 Rxd8 28. Rxd8 Rxh2 29. Be2 h5 30. Rd6+ Ke7 31. Rxc6 h4 32. Rc7+ Kd6 33. Rxa7 Rh3+ 34. Bf3 Kc5 35. Rf7 Kb4 36. Rxf5 Kxb3 37. Rb5+ Kxc4 38. Rxb6 Rg3 39. Rh6 1-0

[Event "Sydney op-A"]
[Site "Parramatta"]
[Date "2013.04.03"]
[Round "2"]
[White "Puccini, Jack"]
[Black "Broekhuijse, Paul"]
[Result "1-0"]
[WhiteElo "1891"]
[BlackElo "2076"]
[PlyCount "63"]
[EventDate "2013.04.03"]
[EventType "swiss"]
[EventRounds "9"]
[EventCountry "AUS"]
[SourceTitle "EXT 2023"]
[Source "ChessBase"]
[SourceDate "2022.10.05"]
[SourceVersion "1"]
[SourceVersionDate "2022.10.05"]
[SourceQuality "1"]

1. e4 e6 2. d4 d5 3. Nc3 Nf6 4. Bg5 Be7 5. e5 Nfd7 6. h4 a6 7. Qg4 Bxg5 8. hxg5 g6 9. f4 c5 10. Nf3 Nc6 11. 0-0-0 c4 12. Nh4 Nf8 13. Qf3 b5 14. g4 Qa5 15. Kb1 b4 16. Ne2 Rb8 17. f5 Na7 18. Nf4 Nb5 19. Ka1 Nc3 20. bxc3 bxc3 21. Ne2 Rb2 22. Nxc3 Rxc2 23. Rh3 Qb6 24. Na4 Qa5 25. Qa3 Rd2 26. Rb1 Rxd4 27. f6 Qc7 28. Nf3 Re4 29. Rb8 Re1+ 30. Nxe1 Qxe5+ 31. Rc3 Qxe1+ 32. Rb1 1-0

[Event "Doeberl Cup 50th"]
[Site "Canberra"]
[Date "2012.04.06"]
[Round "3"]
[White "Broekhuijse, Paul"]
[Black "Wyss, Felix"]
[Result "1-0"]
[WhiteElo "2068"]
[BlackElo "1858"]
[PlyCount "47"]
[EventDate "2012.04.05"]
[EventType "swiss"]
[EventRounds "9"]
[EventCountry "AUS"]
[SourceTitle "CBM 147 Extra"]
[Source "ChessBase"]
[SourceDate "2012.04.24"]
[SourceVersion "1"]
[SourceVersionDate "2012.04.24"]
[SourceQuality "1"]

1. e4 c5 2. Nf3 d6 3. d4 cxd4 4. Qxd4 Nc6 5. Bb5 Qa5+ 6. Nc3 Bd7 7. Bxc6 bxc6 8. Be3 Nf6 9. 0-0-0 e5 10. Qd2 Rb8 11. Kb1 Qb4 12. b3 a5 13. Bg5 a4 14. Nxe5 axb3 15. axb3 Be7 16. Nxd7 Kxd7 17. e5 d5 18. exf6 gxf6 19. Bf4 Rb7 20. Rhe1 Ra8 21. Nxd5 Qxd2 22. Nxf6+ Kc8 23. Rxd2 Rba7 24. Be5 1-0

[Event "Sydney op"]
[Site "Parramatta"]
[Date "2010.04.09"]
[Round "6"]
[White "Chen, Pengyu"]
[Black "Broekhuijse, Paul"]
[Result "0-1"]
[WhiteElo "1934"]
[BlackElo "2108"]
[PlyCount "94"]
[EventDate "2010.04.07"]
[EventType "swiss"]
[EventRounds "9"]
[EventCountry "AUS"]
[SourceTitle "CBM 135 Extra"]
[Source "ChessBase"]
[SourceDate "2010.05.04"]
[SourceVersion "1"]
[SourceVersionDate "2010.05.04"]
[SourceQuality "1"]

1. e4 c5 2. Nf3 d6 3. d4 cxd4 4. Nxd4 Nf6 5. Nc3 a6 6. Bg5 Nc6 7. Bxf6 gxf6 8. Qd2 h5 9. Nxc6 bxc6 10. Bc4 Qa5 11. 0-0 Bh6 12. Qd3 Qg5 13. f4 Qg4 14. Qf3 Rg8 15. Rf2 Rb8 16. Bb3 Qxf3 17. Rxf3 Bg4 18. Rf2 h4 19. Raf1 f5 20. exf5 Bxf5 21. Rd2 Rb4 22. Ne2 Bg4 23. Nd4 c5 24. c3 Rb6 25. Ne2 e6 26. Rc2 Bf5 27. Rd2 Be4 28. Nc1 Ke7 29. Re2 f5 30. Bc4 Rg4 31. Nd3 Kf6 32. h3 Rg3 33. Ne1 d5 34. Bb3 Rb8 35. Kh2 Rbg8 36. Bc2 Bf8 37. Bxe4 fxe4 38. Nc2 a5 39. Kh1 a4 40. Rff2 Bd6 41. Ne3 Rxe3 42. Rxe3 Kf5 43. c4 d4 44. Ra3 e3 45. Re2 Bxf4 46. Kg1 Ke4 47. Kf1 d3 0-1

[Event "Sydney op"]
[Site "Parramatta"]
[Date "2010.04.07"]
[Round "2"]
[White "Broekhuijse, Paul"]
[Black "Sharma, Dinesh Kumar"]
[Result "0-1"]
[WhiteElo "2108"]
[BlackElo "2361"]
[PlyCount "128"]
[EventDate "2010.04.07"]
[EventType "swiss"]
[EventRounds "9"]
[EventCountry "AUS"]
[SourceTitle "CBM 135 Extra"]
[Source "ChessBase"]
[SourceDate "2010.05.04"]
[SourceVersion "1"]
[SourceVersionDate "2010.05.04"]
[SourceQuality "1"]

1. e4 e5 2. Nf3 Nc6 3. Bb5 a6 4. Ba4 Nf6 5. 0-0 Be7 6. Re1 b5 7. Bb3 d6 8. c3 Na5 9. Bc2 c5 10. d4 Qc7 11. h3 0-0 12. Nbd2 cxd4 13. cxd4 Bd7 14. Nf1 Rac8 15. Ne3 Nc6 16. b3 exd4 17. Nd5 Nxd5 18. exd5 Ne5 19. Nxd4 Bf6 20. Ba3 Qb6 21. Qd2 Qxd4 22. Qxd4 Nf3+ 23. gxf3 Bxd4 24. Rac1 Bc3 25. Re7 Bd2 26. Rd1 Rxc2 27. Rxd7 b4 28. Rxd2 Rxd2 29. Bxb4 Rxd5 30. Ra7 Re8 31. Rxa6 Rd1+ 32. Kg2 d5 33. Rd6 h6 34. Bc5 Ra8 35. a4 Rb1 36. Rb6 Rd8 37. Rb4 Rc8 38. Rb5 Rd8 39. Bb6 Rd6 40. Rb4 Rg6+ 41. Kh2 Rgg1 42. f4 Rh1+ 43. Kg2 Rbg1+ 44. Kf3 Rxh3+ 45. Ke2 Rb1 46. Be3 d4 47. Rxd4 Rxb3 48. a5 Ra3 49. Rd5 Rh1 50. f5 Rha1 51. Bb6 f6 52. Rd8+ Kh7 53. Rd4 R1a2+ 54. Kf1 Rxa5 55. Bxa5 Rxa5 56. Rf4 h5 57. Kg2 Kh6 58. Rf3 Ra4 59. Kh3 Kg5 60. Rg3+ Rg4 61. Rf3 Rf4 62. Rxf4 Kxf4 63. Kh4 Kxf5 64. Kxh5 g5 0-1

[Event "Doeberl Cup 48th"]
[Site "Canberra"]
[Date "2010.04.03"]
[Round "6"]
[White "Stojic, Dusan"]
[Black "Broekhuijse, Paul"]
[Result "1-0"]
[WhiteElo "2192"]
[BlackElo "2103"]
[PlyCount "83"]
[EventDate "2010.04.01"]
[EventType "swiss"]
[EventRounds "9"]
[EventCountry "AUS"]
[SourceTitle "CBM 135 Extra"]
[Source "ChessBase"]
[SourceDate "2010.05.04"]
[SourceVersion "1"]
[SourceVersionDate "2010.05.04"]
[SourceQuality "1"]

1. e4 c5 2. Nf3 d6 3. d4 cxd4 4. Nxd4 Nf6 5. Nc3 a6 6. Be2 e5 7. Nb3 Be6 8. 0-0 Be7 9. f4 exf4 10. Bxf4 Nc6 11. Kh1 0-0 12. Nd4 Bd7 13. Nf3 Qc7 14. Bc4 Ne5 15. Nd5 Nxd5 16. Bxd5 Bc6 17. c3 Bf6 18. Qd2 Rad8 19. Rad1 Qe7 20. Nd4 g6 21. Bxc6 bxc6 22. Bxe5 Bxe5 23. Nxc6 Qh4 24. Nxe5 dxe5 25. Qe2 a5 26. b4 axb4 27. cxb4 Rd4 28. Rxd4 exd4 29. Rd1 Rd8 30. g3 Qe7 31. b5 Qb4 32. Qd3 Kg7 33. a3 Qa4 34. Rb1 Rc8 35. Rb4 Rc1+ 36. Kg2 Qc2+ 37. Qxc2 Rxc2+ 38. Kf1 d3 39. Ke1 Kf6 40. b6 Rc8 41. b7 Rb8 42. a4 1-0

[Event "Doeberl Cup 48th"]
[Site "Canberra"]
[Date "2010.04.02"]
[Round "4"]
[White "Broekhuijse, Paul"]
[Black "Hacche, David"]
[Result "1-0"]
[WhiteElo "2108"]
[BlackElo "2131"]
[PlyCount "63"]
[EventDate "2010.04.01"]
[EventType "swiss"]
[EventRounds "9"]
[EventCountry "AUS"]
[SourceTitle "CBM 135 Extra"]
[Source "ChessBase"]
[SourceDate "2010.05.04"]
[SourceVersion "1"]
[SourceVersionDate "2010.05.04"]
[SourceQuality "1"]

1. d4 Nf6 2. c4 e6 3. Nc3 Bb4 4. Qc2 Nc6 5. Nf3 d5 6. e3 0-0 7. Bd3 Be7 8. 0-0 Nb4 9. Qe2 Nxd3 10. Qxd3 b6 11. Ne5 Bb7 12. f4 c5 13. b3 Rc8 14. Bb2 cxd4 15. exd4 g6 16. Rac1 Nd7 17. cxd5 Nxe5 18. dxe5 Bc5+ 19. Kh1 exd5 20. Rcd1 d4 21. Ne4 Qe7 22. Nf6+ Kg7 23. b4 Bxb4 24. Bxd4 Rfd8 25. Qh3 h5 26. Qb3 Bc5 27. Ba1 Qe6 28. Qb2 Be3 29. Rd6 Qf5 30. e6 Kf8 31. Rxd8+ Rxd8 32. Nh7+ 1-0

[Event "Doeberl Cup 48th"]
[Site "Canberra"]
[Date "2010.04.01"]
[Round "2"]
[White "Broekhuijse, Paul"]
[Black "Kunte, Abhijit"]
[Result "0-1"]
[WhiteElo "2103"]
[BlackElo "2515"]
[PlyCount "90"]
[EventDate "2010.04.01"]
[EventType "swiss"]
[EventRounds "9"]
[EventCountry "AUS"]
[SourceTitle "CBM 135 Extra"]
[Source "ChessBase"]
[SourceDate "2010.05.04"]
[SourceVersion "1"]
[SourceVersionDate "2010.05.04"]
[SourceQuality "1"]

1. e4 c5 2. Nf3 e6 3. d4 cxd4 4. Nxd4 Nc6 5. Nc3 Qc7 6. Be2 a6 7. Be3 Nf6 8. Qd2 Bb4 9. Bf3 Ne5 10. Bf4 d6 11. Bxe5 dxe5 12. Nde2 0-0 13. 0-0-0 b5 14. Rhe1 Bb7 15. Ng3 Ba5 16. Qd6 Rac8 17. Qxc7 Rxc7 18. Re3 Rfc8 19. Red3 Rc4 20. a3 g6 21. Re3 Bxc3 22. bxc3 Rxc3 23. Rxc3 Rxc3 24. Rd8+ Kg7 25. Rb8 Rc7 26. Kb2 Nd7 27. Re8 Nc5 28. h4 h5 29. Rd8 Kf6 30. Rd2 Ke7 31. Re2 Na4+ 32. Kb3 Rc3+ 33. Kb4 Kd6 34. Rd2+ Kc7 35. Ne2 Rc4+ 36. Kb3 Nc5+ 37. Kb2 Bxe4 38. Ng1 Bxf3 39. Nxf3 f6 40. g3 Na4+ 41. Ka2 Nc3+ 42. Kb2 Nd5 43. Ng1 Rd4 44. Re2 e4 45. Nh3 e5 0-1

[Event "AUS-ch Major"]
[Site "Cammeray"]
[Date "2010.01.12"]
[Round "10"]
[White "Broekhuijse, Paul"]
[Black "Hu, Jason"]
[Result "1/2-1/2"]
[WhiteElo "1955"]
[BlackElo "2113"]
[PlyCount "139"]
[EventDate "2010.01.02"]
[EventType "swiss"]
[EventRounds "11"]
[EventCountry "AUS"]
[SourceTitle "EXT 2011"]
[Source "ChessBase"]
[SourceDate "2010.11.26"]
[SourceVersion "1"]
[SourceVersionDate "2010.11.26"]
[SourceQuality "1"]

1. e4 c6 2. d4 d5 3. e5 Bf5 4. Nf3 e6 5. Be3 Qb6 6. b3 c5 7. Be2 Nc6 8. c3 cxd4 9. Nxd4 Nxd4 10. Qxd4 Qxd4 11. Bb5+ Kd8 12. cxd4 Bb4+ 13. Bd2 Rc8 14. Ke2 Bxd2 15. Nxd2 a6 16. Bd3 Ne7 17. Nf3 Bxd3+ 18. Kxd3 Nc6 19. a3 Na5 20. Nd2 Kd7 21. Rac1 b5 22. f4 f6 23. exf6 gxf6 24. Rhe1 Rxc1 25. Rxc1 Rg8 26. g3 h5 27. b4 Nc4 28. Nb3 h4 29. gxh4 Rg4 30. Nc5+ Kd6 31. Re1 e5 32. fxe5+ fxe5 33. dxe5+ Nxe5+ 34. Kc2 Rg2+ 35. Kb3 d4 36. Ne4+ Kd5 37. Nf6+ Ke6 38. Nd7 Kxd7 39. Rxe5 Kd6 40. Rg5 Rxh2 41. h5 Rh1 42. Rg6+ Kd5 43. h6 Rh3+ 44. Kb2 Rh2+ 45. Kc1 Kc4 46. Rxa6 Kc3 47. Rc6+ Kb3 48. Rb6 Kxa3 49. Rxb5 Kb3 50. Rb7 Rxh6 51. Kd2 Kc4 52. Rc7+ Kd5 53. Rd7+ Ke5 54. Re7+ Kd6 55. Re8 Rh3 56. Kc2 Kd5 57. b5 Kc4 58. b6 Rh2+ 59. Kc1 Rh1+ 60. Kd2 Rh2+ 61. Kc1 Rh7 62. Rc8+ Kd3 63. Rc7 Rh1+ 64. Kb2 Rh6 65. b7 Rb6+ 66. Kc1 Rb4 67. Rh7 Kc3 68. Rc7+ Kd3 69. Rh7 Kc3 70. Rc7+ 1/2-1/2

[Event "Sydney op-A"]
[Site "Parramatta"]
[Date "2009.04.19"]
[Round "9"]
[White "Descallar, Levi"]
[Black "Broekhuijse, Paul"]
[Result "1/2-1/2"]
[WhiteElo "1984"]
[BlackElo "2118"]
[PlyCount "71"]
[EventDate "2009.04.15"]
[EventType "swiss"]
[EventRounds "9"]
[EventCountry "AUS"]
[SourceTitle "CBM 129 Extra"]
[Source "ChessBase"]
[SourceDate "2009.05.05"]
[SourceVersion "2"]
[SourceVersionDate "2009.05.20"]
[SourceQuality "1"]

1. d4 f5 2. e4 fxe4 3. Nc3 Nf6 4. Bg5 Nc6 5. d5 Ne5 6. Qd4 d6 7. Nxe4 Bf5 8. Bxf6 exf6 9. 0-0-0 Be7 10. f4 Nd7 11. Nf3 0-0 12. Ng3 Bg4 13. Re1 Bxf3 14. gxf3 f5 15. Bd3 Bf6 16. Qg1 Nc5 17. Bxf5 c6 18. Be6+ Kh8 19. Nh5 Qa5 20. Nxf6 Rxf6 21. Qd4 Qxa2 22. Rhg1 Qa1+ 23. Kd2 Qa4 24. Qxa4 Nxa4 25. dxc6 bxc6 26. Bd7 d5 27. Re7 g6 28. f5 Nxb2 29. fxg6 Nc4+ 30. Ke2 hxg6 31. Rg4 a5 32. Rh4+ Kg8 33. Rhh7 a4 34. Bxc6 Rxc6 35. Rhg7+ Kf8 36. Rgf7+ 1/2-1/2

[Event "Sydney op-A"]
[Site "Parramatta"]
[Date "2009.04.18"]
[Round "8"]
[White "Broekhuijse, Paul"]
[Black "Steadman, Michael VR"]
[Result "0-1"]
[WhiteElo "2118"]
[BlackElo "2262"]
[PlyCount "126"]
[EventDate "2009.04.15"]
[EventType "swiss"]
[EventRounds "9"]
[EventCountry "AUS"]
[SourceTitle "CBM 129 Extra"]
[Source "ChessBase"]
[SourceDate "2009.05.05"]
[SourceVersion "2"]
[SourceVersionDate "2009.05.20"]
[SourceQuality "1"]

1. f4 g6 2. Nf3 Bg7 3. g3 b6 4. Bg2 Bb7 5. 0-0 e6 6. d3 Ne7 7. e4 c5 8. Nc3 Nbc6 9. Nh4 h6 10. f5 Bd4+ 11. Kh1 g5 12. Nb5 Be5 13. fxe6 dxe6 14. Nf3 Bg7 15. c3 Qd7 16. Be3 Rd8 17. d4 Na5 18. Qe2 Bxe4 19. Bxg5 Bc6 20. a4 hxg5 21. Nxg5 Bxg2+ 22. Qxg2 Nf5 23. Rae1 0-0 24. Re4 Nh6 25. Rff4 Qd5 26. h4 cxd4 27. cxd4 e5 28. Nc3 Qd6 29. dxe5 Bxe5 30. Rf1 Nc6 31. Qc2 Qd3 32. Qg2 Qxg3 33. Qxg3 Bxg3 34. Rg1 Rd3 35. Ne2 Bf2 36. Rg2 Rd1+ 37. Kh2 f5 38. Ne6+ Kh8 39. Nxf8 fxe4 40. Ng6+ Kg7 41. Ne5+ Kf6 42. Nxc6 Bxh4 43. Nf4 Nf7 44. Nh5+ Kf5 45. Ng7+ Kf4 46. Ne6+ Ke3 47. Kh3 Rh1+ 48. Kg4 Nh6+ 49. Kh5 Bf2+ 50. Kg6 Kf3 51. Rg5 Be3 52. Ncd4+ Kf2 53. Rh5 Rxh5 54. Kxh5 Bxd4 55. Nxd4 Nf7 56. Kg4 e3 57. Kf5 Nd8 58. Ke4 Nc6 59. Nc2 e2 60. Kd5 Na5 61. b4 Nb3 62. b5 Na1 63. Nb4 Ke3 0-1

[Event "Sydney op-A"]
[Site "Parramatta"]
[Date "2009.04.18"]
[Round "7"]
[White "Cunanan, Kimberly Jane"]
[Black "Broekhuijse, Paul"]
[Result "0-1"]
[WhiteElo "1991"]
[BlackElo "2118"]
[PlyCount "52"]
[EventDate "2009.04.15"]
[EventType "swiss"]
[EventRounds "9"]
[EventCountry "AUS"]
[SourceTitle "CBM 129 Extra"]
[Source "ChessBase"]
[SourceDate "2009.05.05"]
[SourceVersion "2"]
[SourceVersionDate "2009.05.20"]
[SourceQuality "1"]

1. c4 f5 2. g3 Nf6 3. Bg2 g6 4. Nc3 Bg7 5. d3 0-0 6. e4 d6 7. Nge2 Nc6 8. 0-0 e5 9. h3 f4 10. gxf4 Nh5 11. fxe5 dxe5 12. Nd5 Qh4 13. Kh2 Rf7 14. Be3 Nd4 15. Bxd4 exd4 16. f4 c6 17. Nb4 Nxf4 18. Nxf4 Be5 19. Kg1 Rxf4 20. Rxf4 Bxf4 21. Qf3 Be6 22. Nc2 Rf8 23. Nxd4 Bg3 24. Qe2 Rf2 25. Qe3 Rxg2+ 26. Kxg2 Qxh3+ 0-1

[Event "Australian op"]
[Site "Manly Sydney"]
[Date "2009.01.03"]
[Round "3"]
[White "Stojic, Svetozar"]
[Black "Broekhuijse, Paul"]
[Result "0-1"]
[WhiteElo "1972"]
[BlackElo "2116"]
[PlyCount "60"]
[EventDate "2009.01.02"]
[EventType "swiss"]
[EventRounds "11"]
[EventCountry "AUS"]
[SourceTitle "CBM 128 Extra"]
[Source "ChessBase"]
[SourceDate "2009.03.05"]
[SourceVersion "2"]
[SourceVersionDate "2009.03.25"]
[SourceQuality "1"]

1. e4 c5 2. Nf3 d6 3. d4 cxd4 4. Nxd4 Nf6 5. Nc3 a6 6. Bg5 e6 7. f4 Nbd7 8. Qf3 Qc7 9. 0-0-0 b5 10. g4 b4 11. Nb1 Bb7 12. Nd2 d5 13. Bd3 Nc5 14. Bxf6 gxf6 15. Rhe1 Nxd3+ 16. Qxd3 dxe4 17. Qe3 0-0-0 18. Nxe4 Be7 19. Nb3 Rxd1+ 20. Rxd1 h5 21. g5 fxg5 22. fxg5 Qe5 23. Nbc5 Bc6 24. h4 Bxc5 25. Qxc5 Qxe4 26. Rd6 Kb7 27. a4 bxa3 28. bxa3 Rc8 29. Rd4 Qe1+ 30. Rd1 Qxd1+ 0-1

[Event "Sydney op-A"]
[Site "Parramatta"]
[Date "2008.03.29"]
[Round "8"]
[White "Broekhuijse, Paul"]
[Black "Fuatai, Fuatai"]
[Result "1/2-1/2"]
[WhiteElo "2130"]
[BlackElo "2087"]
[PlyCount "57"]
[EventDate "2008.03.25"]
[EventType "swiss"]
[EventRounds "9"]
[EventCountry "AUS"]
[SourceTitle "CBM 123 Extra"]
[Source "ChessBase"]
[SourceDate "2008.05.06"]
[SourceVersion "1"]
[SourceVersionDate "2008.05.06"]
[SourceQuality "1"]

1. d4 Nf6 2. c4 g6 3. Nc3 d5 4. cxd5 Nxd5 5. e4 Nxc3 6. bxc3 Bg7 7. Nf3 c5 8. Be3 Nc6 9. Be2 0-0 10. Qd2 Bg4 11. d5 Qa5 12. Rc1 Bxf3 13. gxf3 Rad8 14. 0-0 Qa3 15. Rfd1 a6 16. Qc2 Nb8 17. Rb1 Rd7 18. Rb3 Qa5 19. Rdb1 b5 20. Bxc5 Rc8 21. Ra3 Qc7 22. Bb4 Qf4 23. Qc1 Qh4 24. Qf1 Be5 25. Qg2 Qf4 26. Rd1 Qf6 27. Rd3 Rdc7 28. Ba5 Rc5 29. Bb4 1/2-1/2

[Event "Sydney op-A"]
[Site "Parramatta"]
[Date "2008.03.26"]
[Round "3"]
[White "Chandler, Murray G"]
[Black "Broekhuijse, Paul"]
[Result "1-0"]
[WhiteElo "2540"]
[BlackElo "2130"]
[PlyCount "55"]
[EventDate "2008.03.25"]
[EventType "swiss"]
[EventRounds "9"]
[EventCountry "AUS"]
[SourceTitle "CBM 123 Extra"]
[Source "ChessBase"]
[SourceDate "2008.05.06"]
[SourceVersion "1"]
[SourceVersionDate "2008.05.06"]
[SourceQuality "1"]

1. e4 c5 2. Nf3 Nc6 3. Bb5 Qb6 4. Nc3 e6 5. 0-0 d6 6. d4 cxd4 7. Nxd4 Nf6 8. Be3 Qc7 9. Qf3 Bd7 10. a4 a6 11. Bd3 Be7 12. Nb3 0-0 13. a5 Ne5 14. Qg3 Nc4 15. Bxc4 Qxc4 16. Bh6 Ne8 17. Rad1 Bf6 18. Rfe1 Bxc3 19. bxc3 Rc8 20. Rxd6 Ba4 21. Rd4 Qxc3 22. Qxc3 Rxc3 23. Bd2 Bxb3 24. Bxc3 Bxc2 25. Bb4 Nf6 26. Bxf8 Kxf8 27. f3 Ke7 28. Rc1 1-0